The Bedford guide for college writers : with readings and handbook (Record no. 4902)
[ view plain ]
| 000 -LEADER | |
|---|---|
| fixed length control field | 00593 a2200181 4500 |
| 020 ## - INTERNATIONAL STANDARD BOOK NUMBER | |
| International Standard Book Number | 0-312-03545-4 |
| 040 ## - CATALOGING SOURCE | |
| Original cataloging agency | DLC |
| 082 ## - DEWEY DECIMAL CLASSIFICATION NUMBER | |
| Classification number | 808.0666021 |
| 100 1# - MAIN ENTRY--PERSONAL NAME | |
| Personal name | Kennedy, X. J. |
| 245 04 - TITLE STATEMENT | |
| Title | The Bedford guide for college writers : with readings and handbook |
| Remainder of title | with readings and handbook |
| Statement of responsibility, etc. | X.J. Kennedy and Dorothy M. Kennedy. |
| 250 ## - EDITION STATEMENT | |
| Edition statement | 2nd ed. |
| 260 ## - PUBLICATION, DISTRIBUTION, ETC. | |
| Place of publication, distribution, etc. | Boston, MA : |
| Name of publisher, distributor, etc. | Bedford Books of St. Martin's Press, |
| Date of publication, distribution, etc. | c1990. |
| 300 ## - PHYSICAL DESCRIPTION | |
| Extent | xxii, 819 p. ; |
| Dimensions | 24 cm. |
| 500 ## - GENERAL NOTE | |
| General note | PRIORITY 3 |
| 650 #4 - SUBJECT ADDED ENTRY--TOPICAL TERM | |
| Topical term or geographic name entry element | Skriftlig framst䬬ning |
| 650 #4 - SUBJECT ADDED ENTRY--TOPICAL TERM | |
| Topical term or geographic name entry element | Uppsatsskrivning |
| 942 ## - ADDED ENTRY ELEMENTS (KOHA) | |
| Koha item type | Book |
| Call number prefix | 808.0666021 KEN |
| Source of classification or shelving scheme | |
| Withdrawn status | Lost status | Damaged status | Not for loan | Collection code | Permanent Location | Current Location | Shelving location | Date acquired | Source of acquisition | Cost, normal purchase price | Total Checkouts | Total Renewals | Full call number | Barcode | Date last seen | Date last checked out | Price effective from | Koha item type |
|---|---|---|---|---|---|---|---|---|---|---|---|---|---|---|---|---|---|---|
| Central Library (CL) | Central Library (CL) | General Stacks | 01/16/2002 | Academic Book Company | 2182.25 | 1 | 2 | 808.0666021 KEN | SEECS001697 | 03/08/2022 | 11/30/2021 | 01/05/2017 | Book |
